Normal view
MARC view
- Conservatories
Entry Topical Term
001 - CONTROL NUMBER
- control field: 120551
003 - CONTROL NUMBER IDENTIFIER
- control field: NUST
005 - DATE AND TIME OF LATEST TRANSACTION
- control field: 20240215120951.0
008 - FIXED-LENGTH DATA ELEMENTS
- fixed length control field: 240215|| aca||aabn | a|a d
040 ## - CATALOGING SOURCE
- Original cataloging agency: NUST
- Transcribing agency: NUST
150 ## - HEADING--TOPICAL TERM
- Topical term or geographic name entry element: Conservatories
670 ## - SOURCE DATA FOUND
- Source citation: Work cat.: (NUST): Hix, John, 1938- 120550, The glasshouse /, 2005.
